Tax incidence : a general equilibrium approach /

Bibliographic Details
Main Author: Keller, Wouter J.
Format: Book
Language:English
Published: Amsterdam ; New York : North-Holland ; 1980.
Series:Contributions to economic analysis ; 134.
Subjects:

MARC

Tag First Indicator Second Indicator Subfields
LEADER 00000cam a2200000 a 4500
001 in00000081886
005 20151008054203.0
008 810814s1980 ne a b 00110 eng
010 |a  81133432  
015 |a Ne*** 
020 |a 0444860576 
035 |a (OCoLC)07130479 
035 |9 AAH9908AM 
039 0 |a 2  |b 3  |c 3  |d 3  |e 3 
040 |a DLC  |c DLC  |d TXA  |d UtOrBLW 
049 |a TXAM  |c [1441936] 
050 0 0 |a HJ2321  |b .K4 
082 0 |a 336.2/94/0724  |2 19 
100 1 |a Keller, Wouter J. 
245 1 0 |a Tax incidence :  |b a general equilibrium approach /  |c Wouter J. Keller. 
264 1 |a Amsterdam ;  |a New York :  |b North-Holland ;  |c 1980. 
264 2 |a New York, N.Y. :  |b Sole distributors for the U.S.A. and Canada, Elsevier North-Holland, 
300 |a xv, 348 pages :  |b illustrations ;  |c 23 cm. 
336 |a text  |b txt  |2 rdacontent 
337 |a unmediated  |b n  |2 rdamedia 
338 |a volume  |b nc  |2 rdacarrier 
490 1 |a Contributions to economic analysis ;  |v 134 
500 |a Includes indexes. 
504 |a Bibliography: pages 337-342. 
650 0 |a Tax incidence  |x Mathematical models. 
830 0 |a Contributions to economic analysis ;  |v 134. 
999 |a MARS 
999 f f |s 638ae028-7406-3139-8097-20817c2a55c8  |i ec38ace5-2988-373d-b7d1-3447274d8457  |t 0 
952 f f |p ric  |a Texas A&M University  |b Rellis Campus  |c Joint Library Facility  |d Remote Storage  |t 0  |e HJ2321 .K4  |h Library of Congress classification  |i unmediated -- volume  |m A14806138337 
998 f f |a HJ2321 .K4  |t 0  |l Remote Storage